| 000 | 01034nac a22003131u 4500 | ||
|---|---|---|---|
| 003 | EG-ScBUE | ||
| 005 | 20220202123613.0 | ||
| 008 | 200219s1996 ii f 000 1 eng d | ||
| 020 | _a8175810343 : | ||
| 040 |
_aEG-ScBUE _beng _erda _cEG-ScBUE _dEG-ScBUE |
||
| 082 | 0 | 4 |
_a823.8 _bELI _222 |
| 100 | 1 |
_aEliot, George, _d1819-1880, _eauthor. |
|
| 245 | 1 | 0 |
_aMiddlemarch : _ba critical study / _cGeorge Eliot ; Dr. Raghukul Tilak, M.A., Ph.D., Department of English, Meerut College. |
| 250 | _aNinth edition. | ||
| 264 | 1 |
_aNew Delhi : _bRama Brothers, _c1996. |
|
| 300 |
_a223 pages ; _c20 cm |
||
| 336 |
_2rdacontent _atext _btxt |
||
| 337 |
_2rdamedia _aunmediated _bn |
||
| 338 |
_2rdacarrier _avolume _bnc |
||
| 500 | _aDistributer: Al-Ahram | ||
| 650 | 7 |
_aCity and town life _vFiction. _2BUEsh |
|
| 650 | 7 |
_aYoung women _vFiction. _2BUEsh |
|
| 650 | 7 |
_aEngland _vFiction. _2BUEsh |
|
| 651 | _2BUEsh | ||
| 653 | _bHHUUEENN | ||
| 655 |
_vReading book _934232 |
||
| 700 | 1 |
_aTilak, Raghukul, _eauthor. |
|
| 942 |
_cBB _k823.8 ELI _2ddc |
||
| 999 |
_c9538 _d9538 |
||